000 01427nab a2200241 i 4500
001 768714001
003 CO-MdFUSB
005 20240731114812.0
008 240731t1987 -us||||| |||| 00| 0 eng d
040 _bspa
_cCO-MdFUSB
_dCO-MdFUSB
041 _aeng
100 _aHarley, C. David,
_eautor
245 1 4 _aThe church and the jewish people :
_ba theological perspective
_c/ C. David Harley
520 _aDurante los últimos cuarenta años, cada vez más cristianos han cuestionado la conveniencia de la evangelización judía. Algunas iglesias que tenían una agencia misionera para trabajar entre los judíos la han cerrado. Algunas denominaciones han descartado deliberadamente cualquier forma de evangelización en sus relaciones con el pueblo judío y han adoptado una postura de diálogo. Incluso entre los evangélicos hay muchos que no están seguros de cuál sería la actitud apropiada hacia el pueblo judío. Esto parece aún más notable en vista de la enseñanza del Nuevo Testamento.
546 _aTexto en inglés.
630 0 7 _aBiblia.
_pNuevo Testamento
650 7 _aIglesia
_9655
650 7 _aHermenéutica bíblica
_97333
653 _aJudíos
773 0 _049483
_982883
_oR2711
_tInternational Bulletinof Missionary Research
_w(CO-MdFUSB)768714001
_x0272-6122
_gVolumen 11, (número 3, 1987), páginas: 117 - 120
_qpágina: 117
942 _cANA
945 _aCatherine Arias Álvarez - Practicante SENA
999 _c70641
_d70641